| 000 | 00581nam a2200169 i 4500 | ||
|---|---|---|---|
| 001 | 111334 | ||
| 003 | ES-MaACL | ||
| 005 | 20230906185302.0 | ||
| 007 | t| | ||
| 008 | 061121s1946 sp r ||||1| spa d | ||
| 100 | 1 |
_aNájera Angulo, Luis. _984870 |
|
| 245 | 1 | 3 |
_aLa fiebre de pappataci en España / _cpor el Dr. Luis Nájera Angulo. |
| 260 |
_aMadrid : _b[s.n.], _c1946. |
||
| 300 |
_a6 h. : _bil ; _c30 cm. |
||
| 595 | _aSeparata de: Semana Médica Española, Madrid, 26 de enero de 1946, IX, nº359, 26 de enero de 1946. p. 87-98. | ||
| 852 |
_aES-MaACL _j1869-F-14 _bR.22168 |
||
| 999 |
_c111334 _d111334 |
||